[Event "Bad Woerishofen op"]
[Site "?"]
[Date "2003.??.??"]
[Round "6"]
[White "Poettinger, Harald"]
[Black "Klundt, Klaus"]
[Result "1/2-1/2"]
[WhiteElo "2230"]
[BlackElo "2381"]
[Annotator "ChessOrg"]
[PlyCount "40"]

1. d4 Nf6 2. Nf3 g6 3. c4 Bg7 4. Nc3 O-O 5. e3 d6 6. Be2 Nbd7 7. b3 e5 8. Qc2
Re8 9. O-O c6 10. Ba3 e4 11. Nd2 Qe7 12. Rae1 Nf8 13. Qd1 h5 14. f3 Bf5 15.
fxe4 Nxe4 16. Ncxe4 Bxe4 17. Nxe4 Qxe4 18. Bf3 Qe7 19. Qd3 Rad8 20. b4 Ne6
1/2-1/2

[Event "Bad Woerishofen op"]
[Site "?"]
[Date "2003.??.??"]
[Round "6"]
[White "Heika, Martin"]
[Black "Tscharotschkin, Michael"]
[Result "1-0"]
[WhiteElo "2355"]
[BlackElo "2214"]
[Annotator "ChessOrg"]
[PlyCount "51"]

1. e4 c5 2. c3 Nf6 3. e5 Nd5 4. d4 cxd4 5. Nf3 e6 6. cxd4 b6 7. Bd3 Ba6 8. O-O
Be7 9. Nc3 Nxc3 10. bxc3 Qc7 11. Bxa6 Nxa6 12. Qd3 Qb7 13. Bg5 Bxg5 14. Nxg5
Nc7 15. f4 h6 16. Ne4 Qc6 17. f5 O-O 18. f6 g6 19. Qe3 Kh7 20. Rf3 h5 21. Rh3
Rh8 22. g4 Kg8 23. gxh5 Rc8 24. hxg6 Rxh3 25. Qxh3 fxg6 26. Ng5 1-0

[Event "Bad Woerishofen op"]
[Site "?"]
[Date "2003.??.??"]
[Round "6"]
[White "Lieb, Harald"]
[Black "Sailer, Wolfgang"]
[Result "1/2-1/2"]
[WhiteElo "2336"]
[BlackElo "2182"]
[Annotator "ChessOrg"]
[PlyCount "28"]

1. d4 Nf6 2. c4 g6 3. Nc3 d5 4. cxd5 Nxd5 5. g3 Bg7 6. Bg2 Nxc3 7. bxc3 c5 8.
e3 Nc6 9. Ne2 Bd7 10. O-O O-O 11. Rb1 Na5 12. e4 Rc8 13. Bf4 b5 14. d5 Nc4
1/2-1/2

[Event "Bad Woerishofen op"]
[Site "?"]
[Date "2003.??.??"]
[Round "6"]
[White "Peschlow, Patrick"]
[Black "Dittmar, Peter"]
[Result "1/2-1/2"]
[WhiteElo "2228"]
[BlackElo "2320"]
[Annotator "ChessOrg"]
[PlyCount "70"]

1. e4 c6 2. d4 d5 3. Nd2 dxe4 4. Nxe4 Nf6 5. Nxf6+ exf6 6. Be3 Bd6 7. Bd3 O-O
8. c3 Nd7 9. Qc2 Kh8 10. O-O-O Re8 11. Ne2 Nf8 12. Ng3 Be6 13. Ne4 Be7 14. h4
Qa5 15. b3 b5 16. Rdg1 Qc7 17. g4 a5 18. f4 Bd5 19. Rh3 Ba3+ 20. Kb1 Re7 21.
Bd2 Ng6 22. Rf1 Rae8 23. Re3 Nxf4 24. Nxf6 Rxe3 25. Nxe8 Rxe8 26. Rxf4 Re1+ 27.
Bxe1 Qxf4 28. g5 Be6 29. Qd2 Qf3 30. Kc2 Bd6 31. Qe2 Qxe2+ 32. Bxe2 g6 33. Bf3
Bf5+ 34. Kb2 c5 35. Bf2 cxd4 1/2-1/2

[Event "Bad Woerishofen op"]
[Site "?"]
[Date "2003.??.??"]
[Round "6"]
[White "Bjarnason, Oskar"]
[Black "Buchner, Rudolf"]
[Result "1/2-1/2"]
[WhiteElo "2195"]
[BlackElo "2301"]
[Annotator "ChessOrg"]
[PlyCount "121"]

1. e4 e5 2. f4 d5 3. exd5 exf4 4. Nf3 Nf6 5. Bc4 Nxd5 6. Bxd5 Qxd5 7. Nc3 Qd8
8. d4 Be7 9. Bxf4 O-O 10. O-O Bf5 11. Ne2 Nc6 12. c4 Re8 13. Kh1 Bf6 14. Qd2 a5
15. d5 Nb4 16. Ned4 Bd3 17. Rfc1 Bg6 18. Re1 Rxe1+ 19. Nxe1 Na6 20. Nb5 c6 21.
Nd6 Qb6 22. Rd1 cxd5 23. cxd5 Rd8 24. Nc4 Qb5 25. b3 a4 26. Qa5 Qxa5 27. Nxa5
axb3 28. axb3 Rd7 29. Nc4 b5 30. Nb6 Rb7 31. Nc8 Nc5 32. Nd6 Rd7 33. b4 Ne4 34.
Nxe4 Bxe4 35. d6 g5 36. Bg3 h5 37. h3 Bc3 38. Nd3 Bxd3 39. Rxd3 Bxb4 40. Rd5 f6
41. Rxb5 Bd2 42. h4 Kf7 43. hxg5 Bxg5 44. Kg1 h4 45. Bh2 Ke6 46. Kf2 Ra7 47.
Rb2 f5 48. Re2+ Kf6 49. Rc2 Ra3 50. Rc8 Rd3 51. Rf8+ Kg6 52. Rg8+ Kh5 53. Ke2
Rd2+ 54. Kf3 Rd3+ 55. Ke2 Rd5 56. Kf3 f4 57. Rh8+ Kg6 58. Kg4 Rd2 59. Bxf4 Bxf4
60. Kxf4 Rxd6 61. Rxh4 1/2-1/2

[Event "Bad Woerishofen op"]
[Site "?"]
[Date "2003.??.??"]
[Round "6"]
[White "Daeubler, Heinrich"]
[Black "Meier, Volker"]
[Result "1-0"]
[WhiteElo "2180"]
[BlackElo "2294"]
[Annotator "ChessOrg"]
[PlyCount "53"]

1. d4 Nf6 2. c4 e6 3. Nf3 Bb4+ 4. Nbd2 d5 5. Qa4+ Nc6 6. a3 Bxd2+ 7. Bxd2 Ne4
8. Rd1 O-O 9. e3 Bd7 10. Qc2 a5 11. Bd3 f5 12. O-O a4 13. Rc1 Rf6 14. Ne5 Be8
15. Be1 Nd6 16. cxd5 exd5 17. f3 Rf8 18. Bg3 g6 19. Bf4 Kg7 20. Rfe1 Nf7 21.
Qc5 Nfxe5 22. Bh6+ Kxh6 23. Qxf8+ Kh5 24. dxe5 Nxe5 25. Be2 Qh4 26. Qg7 h6 27.
Qxe5 1-0

[Event "Bad Woerishofen op"]
[Site "?"]
[Date "2003.??.??"]
[Round "6"]
[White "Pfrommer, Christoph"]
[Black "Ashton, Adam"]
[Result "1/2-1/2"]
[WhiteElo "2290"]
[BlackElo "2175"]
[Annotator "ChessOrg"]
[PlyCount "82"]

1. d4 d5 2. c4 e6 3. Nf3 Nf6 4. e3 c6 5. b3 Bd6 6. Nc3 Nbd7 7. Be2 O-O 8. Bb2
Re8 9. Qc2 dxc4 10. bxc4 e5 11. a4 exd4 12. exd4 Nf8 13. O-O Ng6 14. Rfe1 Bg4
15. h3 Bd7 16. Bf1 Qc7 17. Ng5 Rad8 18. Nge4 Nxe4 19. Nxe4 Bb4 20. Bc3 Bxc3 21.
Qxc3 Bf5 22. Ng3 Be6 23. Rab1 Re7 24. Red1 Red7 25. Rb2 Qf4 26. Rbd2 Qh4 27.
Be2 f5 28. d5 cxd5 29. cxd5 Qf4 30. Nh5 Qe5 31. Qxe5 Nxe5 32. Nf4 Bf7 33. h4
Rd6 34. f3 h6 35. h5 Nd7 36. Bd3 Nf6 37. Bxf5 Nxh5 38. Nxh5 Bxh5 39. Be6+ Bf7
40. Bxf7+ Kxf7 41. Kf2 Kf6 1/2-1/2

[Event "Bad Woerishofen op"]
[Site "?"]
[Date "2003.??.??"]
[Round "6"]
[White "Schuette, Manfred"]
[Black "Fischer, Manfred"]
[Result "1-0"]
[WhiteElo "2280"]
[BlackElo "2180"]
[Annotator "ChessOrg"]
[PlyCount "75"]

1. c4 c6 2. Nf3 d6 3. d4 Bg4 4. Nc3 Nd7 5. Nd2 e5 6. Nb3 f5 7. Qc2 Qf6 8. e3
Bh5 9. Bd3 Ne7 10. O-O g5 11. Bd2 g4 12. c5 dxc5 13. dxe5 Nxe5 14. Ne2 Bf7 15.
Nxc5 Rg8 16. Ng3 N7g6 17. Bxf5 Nh4 18. Be4 Bc4 19. Nxb7 Rb8 20. Bc3 Bd5 21.
Bxd5 cxd5 22. Bxe5 Qxe5 23. Nc5 Rd8 24. Rfd1 Bd6 25. Nb7 Rb8 26. Qc6+ Ke7 27.
Rxd5 Rgc8 28. Rxe5+ Bxe5 29. Qe4 Kf6 30. Nh5+ Ke6 31. Nf4+ Kf6 32. Nd5+ Ke6 33.
Rd1 h5 34. Qh7 Rh8 35. Qe7+ Kf5 36. Qd7+ Kg5 37. Nc5 Ng6 38. Ne7 1-0

[Event "Bad Woerishofen op"]
[Site "?"]
[Date "2003.??.??"]
[Round "6"]
[White "Otterstaetter, Stefan"]
[Black "Kauch, Markus"]
[Result "1/2-1/2"]
[WhiteElo "2165"]
[BlackElo "2263"]
[Annotator "ChessOrg"]
[PlyCount "48"]

1. d4 f5 2. g3 Nf6 3. Bg2 g6 4. c3 Bg7 5. Nh3 Nc6 6. Qb3 d5 7. Nf4 e6 8. h4 Qe7
9. h5 Qf7 10. h6 Bf8 11. Nd3 Bd6 12. Bf4 Ne4 13. Bf3 Bd7 14. Nd2 O-O-O 15. Bxd6
cxd6 16. Qa3 e5 17. Nb4 Kb8 18. Qb3 Nxd2 19. Kxd2 e4 20. Bg2 Na5 21. Qxd5 Nc4+
22. Kc2 Be6 23. Qb5 Bd7 24. Qd5 Be6 1/2-1/2

[Event "Bad Woerishofen op"]
[Site "?"]
[Date "2003.??.??"]
[Round "6"]
[White "Perman, Torvald"]
[Black "Schuette, Marc"]
[Result "0-1"]
[WhiteElo "2083"]
[BlackElo "2232"]
[Annotator "ChessOrg"]
[PlyCount "114"]

1. c4 Nc6 2. Nc3 d6 3. g3 e5 4. Bg2 Be6 5. d3 Qd7 6. Rb1 Nge7 7. Nd5 Nd8 8. e4
a5 9. Nf3 Nc8 10. O-O c6 11. Nc3 Be7 12. Qe2 Qc7 13. Be3 O-O 14. d4 Bf6 15.
Rfd1 Bg4 16. h3 Bxf3 17. Bxf3 exd4 18. Bxd4 Bxd4 19. Rxd4 Ne6 20. Rdd1 a4 21.
Bg2 Ne7 22. Qe3 Rfd8 23. f4 Qa5 24. f5 Nc7 25. g4 f6 26. Rd2 Ne8 27. Bf1 Qe5
28. Rbd1 Ra5 29. Kg2 Nc8 30. Qg3 Qxg3+ 31. Kxg3 Nb6 32. h4 Nd7 33. Kf4 Ne5 34.
Be2 Kf8 35. g5 Ke7 36. Rd4 Rda8 37. Bh5 g6 38. Be2 Rc5 39. h5 fxg5+ 40. Kxg5
Nf7+ 41. Kf4 g5+ 42. Ke3 Re5 43. Kf2 Nf6 44. Rb1 Kd7 45. c5 Kc7 46. cxd6+ Nxd6
47. Kf3 Rg8 48. Rbd1 g4+ 49. Kg2 Ndxe4 50. Nxe4 Nxe4 51. Rd7+ Kb6 52. Bc4 Rge8
53. Rxh7 Rxf5 54. b4 axb3 55. axb3 g3 56. Re1 Rf2+ 57. Kg1 Ng5 0-1

[Event "Bad Woerishofen op"]
[Site "?"]
[Date "2003.??.??"]
[Round "6"]
[White "Fischer, Johann"]
[Black "Kugelmann, Joachim"]
[Result "1-0"]
[WhiteElo "2306"]
[BlackElo "1922"]
[Annotator "ChessOrg"]
[PlyCount "81"]

1. c4 e5 2. Nc3 Nc6 3. Nf3 Nf6 4. e3 d5 5. cxd5 Nxd5 6. Bb5 Nxc3 7. bxc3 e4 8.
Ne5 Bd7 9. Nxd7 Qxd7 10. Qa4 f5 11. O-O Bd6 12. Rb1 a6 13. f3 Rc8 14. Bxc6 Qxc6
15. Qxc6+ bxc6 16. fxe4 fxe4 17. c4 Rf8 18. Bb2 Rxf1+ 19. Rxf1 g6 20. c5 Bxc5
21. Rf4 Bd6 22. Rxe4+ Kd7 23. g3 c5 24. Ra4 Ra8 25. e4 Re8 26. Kf2 Kc6 27. d3
Rb8 28. Bc3 Rb1 29. Rxa6+ Kb5 30. Ra8 Rd1 31. Bf6 Rxd3 32. e5 c4 33. exd6 cxd6
34. Ke2 d5 35. a4+ Kc5 36. a5 d4 37. a6 Re3+ 38. Kf2 Re6 39. Bxd4+ Kxd4 40.
Rd8+ Kc3 41. a7 1-0

[Event "Bad Woerishofen op"]
[Site "?"]
[Date "2003.??.??"]
[Round "6"]
[White "Loew, Gerald"]
[Black "Maugg, Ludwig"]
[Result "1-0"]
[WhiteElo "2270"]
[BlackElo "2136"]
[Annotator "ChessOrg"]
[PlyCount "87"]

1. c4 g6 2. g3 Bg7 3. Bg2 e5 4. Nc3 d6 5. e4 c5 6. d3 Ne7 7. f4 exf4 8. Bxf4
Nbc6 9. Nf3 Bg4 10. Qd2 Bxf3 11. Bxf3 Nd4 12. O-O Nec6 13. Nd5 Ne5 14. Bg2 O-O
15. h3 b5 16. cxb5 Nxb5 17. Bh6 Nd4 18. Rf2 Rb8 19. Raf1 f5 20. Bxg7 Kxg7 21.
g4 Qh4 22. exf5 gxf5 23. gxf5 Qg3 24. Nf4 Rxf5 25. Ne6+ Kg6 26. Nxd4 Rxf2 27.
Qxf2 Qxf2+ 28. Rxf2 cxd4 29. Be4+ Kg7 30. Rc2 Rf8 31. Rc7+ Rf7 32. Rxf7+ Nxf7
33. Kg2 h6 34. b4 Kf6 35. a4 Ke5 36. Bg6 Nd8 37. Kf3 Nc6 38. b5 Na5 39. Kg4 Kf6
40. Bh7 Nb3 41. Kf4 Nc5 42. a5 d5 43. Bf5 h5 44. h4 1-0

[Event "Bad Woerishofen op"]
[Site "?"]
[Date "2003.??.??"]
[Round "2"]
[White "Guenther, Thomas"]
[Black "Tscharotschkin, Michael"]
[Result "0-1"]
[WhiteElo "2090"]
[BlackElo "2214"]
[Annotator "ChessOrg"]
[PlyCount "164"]

1. d4 d5 2. Nf3 Bf5 3. c4 e6 4. Nc3 Nc6 5. a3 Nf6 6. Bg5 Be7 7. e3 O-O 8. Bd3
Bxd3 9. Qxd3 dxc4 10. Qxc4 Na5 11. Qa4 c6 12. Ne5 b5 13. Qc2 Nd7 14. Bxe7 Qxe7
15. Nxd7 Qxd7 16. O-O f5 17. Na2 Rac8 18. Nb4 f4 19. Nd3 fxe3 20. fxe3 Nc4 21.
Rfe1 Rf6 22. b3 Nb6 23. Nc5 Qd5 24. Rad1 e5 25. e4 Qd6 26. Qc3 exd4 27. Qxd4
Qxd4+ 28. Rxd4 Re8 29. e5 Rf5 30. Rde4 Nd5 31. Nb7 Rf4 32. e6 Rxe4 33. Rxe4 Nc7
34. Nc5 g5 35. Kf2 Kg7 36. Re3 Nd5 37. Rf3 Nf4 38. Re3 Re7 39. g3 Nd5 40. Re5
h6 41. Kf3 Nf6 42. Re1 Re8 43. Rd1 Kf8 44. h4 Ke7 45. hxg5 hxg5 46. Ke3 Rh8 47.
Kf3 Rf8 48. Kg2 g4 49. Rd4 Rg8 50. Rf4 Rg5 51. Ne4 Nxe4 52. Rxe4 a5 53. a4 b4
54. Rc4 c5 55. Re4 Rf5 56. Rxg4 Kxe6 57. Rc4 Kd5 58. g4 Re5 59. Kf3 Re1 60. Rc2
Rf1+ 61. Ke3 Rb1 62. Rd2+ Ke5 63. Rd3 Rf1 64. Rd8 Re1+ 65. Kd2 Rg1 66. Ra8 Rxg4
67. Rxa5 Kd4 68. Ra8 Rg2+ 69. Ke1 Kc3 70. Rc8 Kxb3 71. Rxc5 Kxa4 72. Kd1 Kb3
73. Kc1 Rg1+ 74. Kd2 Kb2 75. Rc8 Rg5 76. Rc2+ Kb3 77. Rc8 Rg2+ 78. Kc1 Rh2 79.
Rc7 Rh3 80. Rc8 Rc3+ 81. Rxc3+ Kxc3 82. Kb1 Kb3 0-1

[Event "Bad Woerishofen op"]
[Site "?"]
[Date "2003.??.??"]
[Round "3"]
[White "Sprenger, Jan"]
[Black "Keller, Manfred"]
[Result "1-0"]
[WhiteElo "2431"]
[BlackElo "2214"]
[Annotator "ChessOrg"]
[PlyCount "83"]

1. e4 Nf6 2. e5 Nd5 3. d4 d6 4. Nf3 dxe5 5. Nxe5 g6 6. Bc4 c6 7. O-O Bg7 8. Re1
O-O 9. Bb3 Be6 10. h3 Nc7 11. c4 b5 12. Na3 bxc4 13. Naxc4 Nb5 14. Be3 Nd6 15.
Rc1 Bd5 16. Nxd6 exd6 17. Nc4 Na6 18. Bf4 Bxc4 19. Rxc4 Rc8 20. Ra4 Nc7 21.
Rxa7 Nb5 22. Ra4 Qf6 23. Be3 c5 24. dxc5 dxc5 25. Rf4 Qxb2 26. Rxf7 Rxf7 27.
Bxf7+ Kh8 28. Qd7 Rf8 29. Bxc5 Qc3 30. Qe7 Nd4 31. Bd6 Nc6 32. Qe3 Qxe3 33.
Rxe3 Rxf7 34. Re8+ Bf8 35. Rxf8+ Rxf8 36. Bxf8 Kg8 37. Bc5 Kf7 38. f3 Ke6 39.
Kf2 Kd5 40. Bb6 Kc4 41. a4 Nb4 42. a5 1-0

[Event "Bad Woerishofen op"]
[Site "?"]
[Date "2003.??.??"]
[Round "5"]
[White "Savchenko, Stanislav"]
[Black "Kunin, Vitaly"]
[Result "1-0"]
[WhiteElo "2539"]
[BlackElo "2476"]
[Annotator "ChessOrg"]
[PlyCount "129"]

1. Nf3 Nf6 2. c4 d6 3. d4 Bg4 4. Nc3 Bxf3 5. exf3 g6 6. g4 c6 7. h4 e6 8. d5
exd5 9. cxd5 Bg7 10. Qe2+ Qe7 11. Qxe7+ Kxe7 12. dxc6 bxc6 13. Bf4 Nbd7 14.
O-O-O Ne5 15. Ba6 Nfd7 16. h5 Rhd8 17. h6 Bh8 18. Bb7 Nc5 19. Bxe5 Nxb7 20.
Bxh8 Rxh8 21. Rhe1+ Kd7 22. Ne4 d5 23. Nf6+ Kd6 24. Ne4+ Kd7 25. Nf6+ Kd6 26.
f4 Nc5 27. f3 a5 28. Re5 Ne6 29. Ne4+ Kc7 30. f5 dxe4 31. fxe6 fxe6 32. Rxe4
Rhe8 33. Rde1 Kd6 34. f4 Re7 35. Rd4+ Kc5 36. Ra4 Kd6 37. Re5 c5 38. Kc2 Rf8
39. Re3 Ra7 40. Rae4 Re7 41. Rd3+ Kc6 42. Kd2 Rfe8 43. Re5 Rb8 44. b3 Rb4 45.
Ke3 a4 46. Rc3 axb3 47. Rexc5+ Kd6 48. Rc6+ Kd7 49. axb3 Rxb3 50. Rxb3 Kxc6 51.
Ke4 Ra7 52. Ke5 Ra4 53. g5 Kc7 54. Rd3 Kc8 55. Rd6 Kc7 56. Rxe6 Kd7 57. Rb6 Ra7
58. Kf6 Kc7 59. Re6 Kd8 60. f5 gxf5 61. g6 hxg6 62. Kxg6 Kd7 63. Rf6 Ra8 64. h7
Ke7 65. Kg7 1-0

[Event "Bad Woerishofen op"]
[Site "?"]
[Date "2003.??.??"]
[Round "5"]
[White "Gutman, Lev"]
[Black "Savchenko, Stanislav"]
[Result "0-1"]
[WhiteElo "2495"]
[BlackElo "2539"]
[Annotator "ChessOrg"]
[PlyCount "46"]

1. Nf3 d5 2. g3 Bg4 3. Bg2 Nd7 4. O-O e6 5. b3 Ngf6 6. Bb2 Bd6 7. d3 O-O 8. Qe1
e5 9. e4 dxe4 10. dxe4 Re8 11. Na3 Nc5 12. Nc4 Ncxe4 13. Nfxe5 Bf5 14. Qc1 Qc8
15. Nxd6 cxd6 16. Nc4 d5 17. Ne3 Bh3 18. f3 Bxg2 19. Kxg2 Nc3 20. Qd2 Qc5 21.
Bxc3 Qxe3 22. Qxe3 Rxe3 23. Bd4 Re6 {Rest unleserlich,   im 42.Zug} 0-1

[Event "Bad Woerishofen op"]
[Site "?"]
[Date "2003.??.??"]
[Round "6"]
[White "Koenig, Christian"]
[Black "Pflug, Mathias"]
[Result "1/2-1/2"]
[WhiteElo "2139"]
[BlackElo "2241"]
[Annotator "ChessOrg"]
[PlyCount "24"]

1. d4 f5 2. c4 Nf6 3. Nc3 d6 4. f3 e5 5. dxe5 dxe5 6. Qxd8+ Kxd8 7. e3 c6 8.
Bd3 Na6 9. a3 Nc5 10. Bc2 a5 11. b3 Be6 12. Bb2 Kc7 1/2-1/2

[Event "Bad Woerishofen op"]
[Site "?"]
[Date "2003.??.??"]
[Round "6"]
[White "Babar, Frank"]
[Black "Schenk, Uwe"]
[Result "1/2-1/2"]
[WhiteElo "2240"]
[BlackElo "2116"]
[Annotator "ChessOrg"]
[PlyCount "49"]

1. e4 Nf6 2. Nc3 d5 3. exd5 Nxd5 4. Ne4 e5 5. Bc4 Be7 6. Qf3 Be6 7. Qg3 O-O 8.
Nf3 f6 9. d4 Kh8 10. dxe5 Bf5 11. exf6 Nxf6 12. Neg5 Ne4 13. Nxe4 Bxe4 14. Ng5
Bxc2 15. O-O Bxg5 16. Bxg5 Qd4 17. Qxc7 Nc6 18. b3 Ne5 19. Rac1 Rac8 20. Qxb7
Be4 21. Qb4 Bxg2 22. Kxg2 Qg4+ 23. Kh1 Qf3+ 24. Kg1 Qg4+ 25. Kh1 1/2-1/2

[Event "Bad Woerishofen op"]
[Site "?"]
[Date "2003.??.??"]
[Round "6"]
[White "Guenther, Thomas"]
[Black "Kunz, Konstantin"]
[Result "0-1"]
[WhiteElo "2090"]
[BlackElo "2236"]
[Annotator "ChessOrg"]
[PlyCount "74"]

1. d4 Nf6 2. Nf3 e6 3. c4 Bb4+ 4. Bd2 Qe7 5. a3 Bxd2+ 6. Nbxd2 d6 7. e4 e5 8.
d5 O-O 9. Be2 a5 10. b4 axb4 11. axb4 Rxa1 12. Qxa1 Na6 13. Qa3 c5 14. dxc6
bxc6 15. O-O c5 16. b5 Nb4 17. Bd3 Bb7 18. Bb1 Nh5 19. g3 h6 20. Nh4 g6 21. Rd1
Ng7 22. Nf1 Ne6 23. Ne3 Ra8 24. Qb2 Nd4 25. Nd5 Nxd5 26. exd5 Bc8 27. Bd3 g5
28. Ng2 e4 29. Bf1 Qe5 30. Kh1 Ra4 31. Rb1 f5 32. Qd2 Nf3 33. Qe3 Ra1 34. Qe1
Ra2 35. Qe3 Qd4 36. Rc1 Rxf2 37. Qa3 Ra2 0-1

[Event "Bad Woerishofen op"]
[Site "?"]
[Date "2003.??.??"]
[Round "6"]
[White "Pohl, Walter"]
[Black "Ballon, Guenter-Jan"]
[Result "1/2-1/2"]
[WhiteElo "2121"]
[BlackElo "2219"]
[Annotator "ChessOrg"]
[PlyCount "62"]

1. c4 c6 2. Nf3 d5 3. b3 Bg4 4. Ne5 Bf5 5. Bb2 Nf6 6. d3 e6 7. Nd2 Bd6 8. g3
Qc7 9. Nef3 Nbd7 10. Bg2 O-O 11. O-O h6 12. Re1 Bh7 13. e4 dxe4 14. dxe4 Ne5
15. Nxe5 Bxe5 16. Qc1 Rfd8 17. c5 Nd7 18. b4 a5 19. a3 Bxb2 20. Qxb2 Ne5 21.
Qc2 Qd7 22. Nc4 Nxc4 23. Qxc4 Qd4 24. Qxd4 Rxd4 25. Rad1 Rxd1 26. Rxd1 axb4 27.
axb4 Kf8 28. f3 Ke7 29. Rd2 Ra1+ 30. Bf1 f6 31. Rb2 Rc1 1/2-1/2

[Event "Bad Woerishofen op"]
[Site "?"]
[Date "2003.??.??"]
[Round "6"]
[White "Simonsen, Hans"]
[Black "Teich, Udo"]
[Result "0-1"]
[WhiteElo "2213"]
[BlackElo "2104"]
[Annotator "ChessOrg"]
[PlyCount "84"]

1. e4 c5 2. c3 d5 3. exd5 Qxd5 4. d4 Nf6 5. Nf3 Bg4 6. dxc5 Qxc5 7. Na3 a6 8.
Be3 Qc7 9. h3 Bxf3 10. Qxf3 Nbd7 11. Rd1 Rc8 12. Nc2 e6 13. Nd4 g6 14. Bd3 Bg7
15. Qe2 e5 16. Nb3 Qc6 17. O-O O-O 18. Na5 Qc7 19. Nxb7 Qxb7 20. Bxa6 Qc6 21.
Bxc8 Rxc8 22. Rfe1 Qa4 23. b3 Qa5 24. c4 Bf8 25. Bg5 e4 26. Bxf6 Nxf6 27. Qb2
Rc6 28. Re2 Bb4 29. Qc1 Kg7 30. Qf4 h6 31. Qb8 Qa3 32. Qe5 Re6 33. Qb2 Qa7 34.
Kh1 Kh7 35. Rd8 Qa5 36. Rb8 Ba3 37. Qc2 e3 38. Rb5 exf2 39. Rxf2 Qe1+ 40. Kh2
Bd6+ 41. g3 Re3 42. Rb7 Kg7 0-1

[Event "Bad Woerishofen op"]
[Site "?"]
[Date "2003.??.??"]
[Round "6"]
[White "Bintakies, Michael"]
[Black "Deues, Erik"]
[Result "1/2-1/2"]
[WhiteElo "2209"]
[BlackElo "2100"]
[Annotator "ChessOrg"]
[PlyCount "77"]

1. d4 Nf6 2. Nf3 g6 3. Bg5 Bg7 4. Nbd2 d5 5. e3 Nbd7 6. Be2 O-O 7. O-O c5 8. c3
b6 9. a4 Bb7 10. a5 h6 11. Bf4 Nh5 12. Be5 Bxe5 13. Nxe5 Nxe5 14. Bxh5 Nd7 15.
Bf3 Qc7 16. Qb3 c4 17. Qc2 Nf6 18. b4 Bc6 19. e4 dxe4 20. Nxe4 Nxe4 21. Bxe4
Bxe4 22. Qxe4 Rad8 23. axb6 axb6 24. Ra6 Rd6 25. Rfa1 Re6 26. Qf3 Kg7 27. g3
Rf6 28. Qg2 Re8 29. Ra7 Qd6 30. Re1 Re6 31. Rxe6 Qxe6 32. Qf3 Rd8 33. Qe3 Kf6
34. Qxe6+ Kxe6 35. Kg2 Rd7 36. Ra6 Rd6 37. Ra7 Rd7 38. Ra6 Rd6 39. Ra7 1/2-1/2

[Event "Bad Woerishofen op"]
[Site "?"]
[Date "2003.??.??"]
[Round "6"]
[White "Heinicke, Wenke"]
[Black "Beckmann, Klaus"]
[Result "1/2-1/2"]
[WhiteElo "2064"]
[BlackElo "2191"]
[Annotator "ChessOrg"]
[PlyCount "50"]

1. c4 Nf6 2. Nc3 e6 3. d4 d5 4. Bg5 Nbd7 5. cxd5 exd5 6. e3 c6 7. Bd3 Be7 8.
Qc2 Nh5 9. Bxe7 Qxe7 10. Nge2 g6 11. O-O Ndf6 12. a3 O-O 13. b4 a6 14. Rab1 Ng7
15. Ng3 h5 16. Rfe1 h4 17. Nf1 Bf5 18. Bxf5 Nxf5 19. f3 Rfe8 20. Qf2 Rad8 21.
a4 Kg7 22. a5 Rh8 23. Na4 Nd6 24. Nc5 Nd7 25. Nd2 Nxc5 1/2-1/2

[Event "Bad Woerishofen op"]
[Site "?"]
[Date "2003.??.??"]
[Round "6"]
[White "Hornung, Hans"]
[Black "Holscher, Peter"]
[Result "0-1"]
[WhiteElo "2189"]
[BlackElo "2090"]
[Annotator "ChessOrg"]
[PlyCount "72"]

1. e4 d6 2. d4 Nf6 3. Nc3 c6 4. Be3 b5 5. f3 a6 6. Qd2 Nbd7 7. g4 e5 8. Nge2
Be7 9. g5 Nh5 10. Ng3 g6 11. Nxh5 gxh5 12. f4 exf4 13. Bxf4 Nf8 14. O-O-O Ng6
15. h4 Bg4 16. Re1 O-O 17. Be2 f5 18. Bxg4 fxg4 19. Be3 Rf3 20. Kb1 Qd7 21. Ne2
Raf8 22. Nc1 Bd8 23. Nd3 Bb6 24. a3 g3 25. Reg1 Qa7 26. Ne1 Rf2 27. Qd3 Rh2 28.
Rxh2 gxh2 29. Rh1 Qf7 30. Rxh2 Qe6 31. Rh1 Qg4 32. Ka2 Re8 33. Qb3+ Kg7 34. Rf1
Re7 35. e5 dxe5 36. dxe5 Bxe3 0-1

[Event "Bad Woerishofen op"]
[Site "?"]
[Date "2003.??.??"]
[Round "6"]
[White "Schaefer, Michael"]
[Black "Hoennekes, Klaus"]
[Result "1/2-1/2"]
[WhiteElo "2186"]
[BlackElo "2089"]
[Annotator "ChessOrg"]
[PlyCount "128"]

1. d4 f5 2. g3 Nf6 3. Bg2 g6 4. c3 Bg7 5. Qb3 c6 6. Nd2 Qb6 7. Ngf3 Qxb3 8.
axb3 Na6 9. O-O Nc7 10. Re1 d5 11. Ne5 O-O 12. Nd3 Ne4 13. Nf3 Ne8 14. Nfe5
N8f6 15. c4 Nd6 16. Bd2 Re8 17. Rec1 e6 18. Bb4 Bf8 19. Bc5 a6 20. f3 Kg7 21.
Bb6 Be7 22. e3 Nf7 23. Bc7 Nd7 24. Nxf7 Kxf7 25. e4 Bf6 26. e5 Bg5 27. f4 Be7
28. Bf1 Rg8 29. Be2 Bd8 30. Bxd8 Rxd8 31. Kf2 Nf8 32. Ke3 Ke7 33. g4 Bd7 34.
Nc5 Rab8 35. h4 fxg4 36. Bxg4 Be8 37. Ra4 Rdc8 38. Rh1 Rc7 39. Raa1 Ra8 40. Be2
Rd8 41. Rhg1 Nd7 42. h5 Nxc5 43. dxc5 d4+ 44. Kd2 d3 45. Bf3 Rcd7 46. Be4 Rd4
47. Rae1 a5 48. Rg3 a4 49. Rxd3 Rxd3+ 50. Bxd3 gxh5 51. Ke3 Bg6 52. Bxg6 hxg6
53. bxa4 Ra8 54. b3 Rd8 55. b4 Kf7 56. a5 Kg7 57. Ra1 Kh6 58. a6 bxa6 59. Rxa6
Rc8 60. Ke4 h4 61. Kf3 Kh5 62. Ra7 g5 63. fxg5 Kxg5 64. Rg7+ Kf5 1/2-1/2

[Event "Bad Woerishofen op"]
[Site "?"]
[Date "2003.??.??"]
[Round "6"]
[White "Maahs, Erich"]
[Black "Wiest, Georg"]
[Result "1/2-1/2"]
[WhiteElo "2180"]
[BlackElo "2084"]
[Annotator "ChessOrg"]
[PlyCount "160"]

1. e4 c5 2. Nf3 a6 3. d4 cxd4 4. Nxd4 Nf6 5. Nc3 e5 6. Nb3 Bb4 7. Bg5 Bxc3+ 8.
bxc3 h6 9. Bxf6 Qxf6 10. Bd3 O-O 11. O-O d6 12. c4 Nd7 13. Qd2 Nc5 14. Qe3 Qg5
15. f4 exf4 16. Rxf4 Bh3 17. Qf2 Be6 18. Rf1 Nxb3 19. cxb3 Qc5 20. Rd1 Rfd8 21.
Be2 Rac8 22. Kf1 b5 23. cxb5 axb5 24. Bd3 Qe5 25. Qg3 d5 26. Re1 dxe4 27. Bxe4
Qb2 28. Rf2 Rd2 29. Rxd2 Qxd2 30. Qf2 Qd6 31. Kg1 Qa3 32. Qd2 Qc5+ 33. Qe3 Qa3
34. Bb1 Qd6 35. Qd3 Qc5+ 36. Kf1 g6 37. Qe3 Qh5 38. Kg1 Rd8 39. Bd3 b4 40. h3
Qh4 41. Bxg6 Bxb3 42. axb3 fxg6 43. Qe6+ Kg7 44. Re4 Qg5 45. Rc4 h5 46. h4 Qa5
47. Qe7+ Kh6 48. Rxb4 Qd5 49. Kh2 Rd7 50. Qe3+ Kh7 51. Rb6 Rb7 52. Rxb7+ Qxb7
53. Qe6 Qc7+ 54. Kh3 Qc3+ 55. g3 Qf3 56. Qd7+ Kh8 57. Qc8+ Kg7 58. Qc2 Qh1+ 59.
Qh2 Qb1 60. Qg2 Qxb3 61. Qd2 Qe6+ 62. Kg2 Qc6+ 63. Kh2 Qc7 64. Qd3 Kh7 65. Qe4
Kg7 66. Kg2 Qd7 67. Qe5+ Kh7 68. Kf3 Qd1+ 69. Ke4 Qd7 70. Ke3 Qf7 71. Kd4 Qd7+
72. Kc5 Qa7+ 73. Kc6 Qf7 74. Kd6 Qf8+ 75. Qe7+ Qxe7+ 76. Kxe7 g5 77. Kf6 gxh4
78. gxh4 Kh8 79. Kg6 Kg8 80. Kxh5 Kh7 1/2-1/2

[Event "Bad Woerishofen op"]
[Site "?"]
[Date "2003.??.??"]
[Round "6"]
[White "Schmitzer, Peter"]
[Black "Schiffer, Steve"]
[Result "1-0"]
[WhiteElo "2089"]
[BlackElo "2171"]
[Annotator "ChessOrg"]
[PlyCount "61"]

1. d4 g6 2. e4 c5 3. Nf3 Bg7 4. c3 cxd4 5. Nxd4 d6 6. Be2 Nf6 7. f3 a6 8. Be3
Qc7 9. Qd2 O-O 10. c4 Nc6 11. Nc3 Nd7 12. Nd5 Qd8 13. O-O Re8 14. Kh1 Nxd4 15.
Bxd4 b6 16. f4 e5 17. fxe5 dxe5 18. Be3 Bb7 19. Rac1 Nc5 20. Bf3 Bxd5 21. cxd5
Nd7 22. Rc6 f5 23. exf5 gxf5 24. Bh6 Qh4 25. Bxg7 Kxg7 26. g3 Qe7 27. Re6 Qf8
28. Qg5+ Kh8 29. Bh5 Rxe6 30. dxe6 Qf6 31. Qxf5 1-0

[Event "Bad Woerishofen op"]
[Site "?"]
[Date "2003.??.??"]
[Round "6"]
[White "Jaenig, Reinhard"]
[Black "Lotsov, Har-Zahar"]
[Result "0-1"]
[WhiteElo "2168"]
[BlackElo "2039"]
[Annotator "ChessOrg"]
[PlyCount "52"]

1. e4 c5 2. Nf3 Nc6 3. d4 cxd4 4. Nxd4 Nf6 5. Nc3 e5 6. Ndb5 d6 7. Bg5 a6 8.
Bxf6 gxf6 9. Na3 b5 10. Nd5 f5 11. exf5 Bxf5 12. c3 Bg7 13. Nc2 O-O 14. Nce3
Be6 15. g3 f5 16. Bg2 Ra7 17. O-O f4 18. Nc2 Raf7 19. Be4 Ne7 20. Nxe7+ Qxe7
21. Qh5 Bf6 22. Nb4 Rg7 23. a4 Bg4 24. Bxh7+ Kh8 25. Nd5 Qd8 26. Qh6 Bg5 0-1